[Event "PokerStars Masters 2nd"]
[Site "Douglas"]
[Date "2015.10.10"]
[Round "8.11"]
[White "Tarjan, James Edward"]
[Black "Timman, Jan H"]
[Result "1/2-1/2"]
[WhiteElo "2479"]
[BlackElo "2562"]
[PlyCount "114"]
[EventDate "2015.10.03"]
[EventType "swiss"]
[EventRounds "9"]
[EventCountry "IOM"]
[SourceTitle "twic1065-1099"]
[Source "Mark Crowther"]
[SourceDate "2015.12.04"]
[SourceVersion "1"]
[SourceVersionDate "2015.12.04"]
[SourceQuality "1"]

1. d4 Nf6 2. c4 g6 3. g3 Bg7 4. Bg2 d5 5. cxd5 Nxd5 6. e4 Nb4 7. a3 N4c6 8. d5
Nd4 9. Ne2 Nxe2 10. Qxe2 b6 11. Nc3 Ba6 12. Qc2 O-O 13. Bf1 Bxf1 14. Kxf1 e6
15. dxe6 fxe6 16. Be3 Qd7 17. Kg2 Qc6 18. Rhc1 Nd7 19. Ne2 Qxc2 20. Rxc2 c5 21.
Rd1 Ne5 22. f4 Ng4 23. Bg1 e5 24. Kf3 Nf6 25. b4 cxb4 26. axb4 Rae8 27. f5 gxf5
28. exf5 e4+ 29. Kg2 Rc8 30. Ra2 Rf7 31. b5 Ng4 32. h3 Ne5 33. Rd4 Rxf5 34.
Rxe4 Rf7 35. Rea4 Rcc7 36. Nd4 Nd3 37. Nc6 Ne1+ 38. Kh1 Rf1 39. Rf2 Rf7 40.
Raf4 Rxf4 41. gxf4 Rxf2 42. Bxf2 Nd3 43. Be3 Nb2 44. Kg2 Nc4 45. Kf3 Kf7 46. f5
Bb2 47. Nxa7 Kf6 48. Nc8 Na3 49. Na7 Nc4 50. Nc8 Na3 51. Nxb6 Nxb5 52. Nc4 Ba1
53. Kg4 h5+ 54. Kf4 Nd6 55. Nxd6 Be5+ 56. Ke4 Bxd6 57. Bd4+ Kf7 1/2-1/2

[Event "PokerStars Masters 2nd"]
[Site "Douglas"]
[Date "2015.10.10"]
[Round "8.12"]
[White "Brunello, Sabino"]
[Black "Sundararajan, Kidambi"]
[Result "1/2-1/2"]
[WhiteElo "2553"]
[BlackElo "2497"]
[PlyCount "98"]
[EventDate "2015.10.03"]
[EventType "swiss"]
[EventRounds "9"]
[EventCountry "IOM"]
[SourceTitle "twic1065-1099"]
[Source "Mark Crowther"]
[SourceDate "2015.12.04"]
[SourceVersion "1"]
[SourceVersionDate "2015.12.04"]
[SourceQuality "1"]

1. d4 e6 2. c4 f5 3. g3 Nf6 4. Bg2 Be7 5. Nf3 O-O 6. O-O d5 7. b3 Ne4 8. Bb2
Nd7 9. Qc2 a5 10. a4 c6 11. Ne1 Bd6 12. Nd2 Qe7 13. c5 Bc7 14. Ndf3 e5 15. Nd3
Nxg3 16. fxg3 e4 17. Nf2 exf3 18. exf3 f4 19. g4 Qh4 20. Nd3 h5 21. h3 hxg4 22.
hxg4 Nf6 23. Ne5 Bxe5 24. dxe5 Nh7 25. Qg6 Qg5 26. Qxg5 Nxg5 27. Kf2 Be6 28.
Bc3 Bf7 29. b4 axb4 30. Bxb4 Bg6 31. Ra3 Ne6 32. Rc1 Nd4 33. Bd2 Rae8 34. Bf1
Rxe5 35. a5 Re7 36. Rcc3 Bh7 37. Ra4 Ne6 38. a6 bxa6 39. Rxa6 Rc8 40. Rc1 Nd4
41. Re1 Rxe1 42. Bxe1 Bc2 43. Bc3 Ne6 44. Ra7 Rc7 45. Ra8+ Kf7 46. Be5 Rd7 47.
Ra6 Nxc5 48. Rxc6 Nd3+ 49. Bxd3 Bxd3 1/2-1/2

[Event "PokerStars Masters 2nd"]
[Site "Douglas"]
[Date "2015.10.10"]
[Round "8.13"]
[White "Swayams, Mishra"]
[Black "Van Foreest, Jorden"]
[Result "1/2-1/2"]
[WhiteElo "2444"]
[BlackElo "2548"]
[PlyCount "88"]
[EventDate "2015.10.03"]
[EventType "swiss"]
[EventRounds "9"]
[EventCountry "IOM"]
[SourceTitle "twic1065-1099"]
[Source "Mark Crowther"]
[SourceDate "2015.12.04"]
[SourceVersion "1"]
[SourceVersionDate "2015.12.04"]
[SourceQuality "1"]

1. d4 d5 2. c4 c6 3. Nf3 Nf6 4. Nc3 dxc4 5. a4 e6 6. e3 c5 7. Bxc4 Nc6 8. O-O
Be7 9. Qe2 cxd4 10. Rd1 O-O 11. exd4 Nb4 12. Bg5 h6 13. Bxf6 Bxf6 14. Ne5 Bd7
15. d5 exd5 16. Nxd5 Nxd5 17. Nxd7 Qxd7 18. Bxd5 Rad8 19. Bf3 Qe6 20. Qxe6 fxe6
21. Rxd8 Rxd8 22. Rd1 Rxd1+ 23. Bxd1 Bxb2 24. Bf3 b6 25. h4 Kf7 26. h5 Kf6 27.
Be4 Ke5 28. f3 Kd4 29. Kf2 Bc1 30. Ke2 Kc3 31. g4 a6 32. Bc6 Bf4 33. Bd7 Kc2
34. Bxe6 b5 35. axb5 axb5 36. Bf5+ Kc3 37. Kd1 b4 38. Be6 b3 39. Bf7 Bg5 40.
Be6 Bf4 41. Bf7 Kb2 42. Be6 Ka3 43. Bf7 Kb4 44. Be6 Kc3 1/2-1/2

[Event "PokerStars Masters 2nd"]
[Site "Douglas"]
[Date "2015.10.10"]
[Round "8.14"]
[White "Vaisser, Anatoli"]
[Black "Basso, Pier Luigi"]
[Result "1/2-1/2"]
[WhiteElo "2515"]
[BlackElo "2428"]
[PlyCount "60"]
[EventDate "2015.10.03"]
[EventType "swiss"]
[EventRounds "9"]
[EventCountry "IOM"]
[SourceTitle "twic1065-1099"]
[Source "Mark Crowther"]
[SourceDate "2015.12.04"]
[SourceVersion "1"]
[SourceVersionDate "2015.12.04"]
[SourceQuality "1"]

1. d4 d5 2. c4 c6 3. cxd5 cxd5 4. Bf4 Nf6 5. e3 Nc6 6. Nc3 Bg4 7. f3 Bd7 8. Bd3
e6 9. Bg5 Be7 10. Nge2 O-O 11. O-O Ne8 12. Bxe7 Qxe7 13. e4 dxe4 14. fxe4 e5
15. d5 Nd8 16. Qb3 Qc5+ 17. Rf2 Nd6 18. Rc1 Qa5 19. a4 f6 20. Qa3 N8f7 21. b4
Qd8 22. a5 Rc8 23. Ng3 Qe7 24. Nd1 Rfd8 25. Rfc2 Qe8 26. Ne3 Rxc2 27. Rxc2 Rc8
28. Qc1 Rxc2 29. Qxc2 Qd8 30. Qc5 Qb8 1/2-1/2

[Event "PokerStars Masters 2nd"]
[Site "Douglas"]
[Date "2015.10.10"]
[Round "8.15"]
[White "Fridman, Daniel"]
[Black "Gormally, Daniel"]
[Result "1/2-1/2"]
[WhiteElo "2649"]
[BlackElo "2500"]
[PlyCount "66"]
[EventDate "2015.10.03"]
[EventType "swiss"]
[EventRounds "9"]
[EventCountry "IOM"]
[SourceTitle "twic1065-1099"]
[Source "Mark Crowther"]
[SourceDate "2015.12.04"]
[SourceVersion "1"]
[SourceVersionDate "2015.12.04"]
[SourceQuality "1"]

1. d4 Nf6 2. c4 e6 3. Nc3 Bb4 4. Qc2 d6 5. Bd2 Nbd7 6. Nf3 b6 7. e4 c5 8. d5
exd5 9. exd5 O-O 10. Be2 Re8 11. O-O b5 12. cxb5 Bxc3 13. Bxc3 Bb7 14. Rfe1
Bxd5 15. Nd2 Re6 16. Bd3 Qe7 17. Nf1 Re8 18. f3 Qd8 19. Bf5 Rxe1 20. Rxe1 Rxe1
21. Bxe1 Be6 22. Bxe6 fxe6 23. Qe2 Kf7 24. b4 cxb4 25. Bxb4 Qb6+ 26. Qf2 Qxb5
27. Bxd6 Qb6 28. Qxb6 axb6 29. Ne3 e5 30. Kf2 Ke6 31. Ba3 Nd5 32. Nxd5 Kxd5 33.
Ke3 b5 1/2-1/2

[Event "PokerStars Masters 2nd"]
[Site "Douglas"]
[Date "2015.10.10"]
[Round "8.16"]
[White "Koop, Thorben"]
[Black "Sengupta, Deep"]
[Result "1/2-1/2"]
[WhiteElo "2407"]
[BlackElo "2580"]
[PlyCount "61"]
[EventDate "2015.10.03"]
[EventType "swiss"]
[EventRounds "9"]
[EventCountry "IOM"]
[SourceTitle "twic1065-1099"]
[Source "Mark Crowther"]
[SourceDate "2015.12.04"]
[SourceVersion "1"]
[SourceVersionDate "2015.12.04"]
[SourceQuality "1"]

1. Nf3 d5 2. d4 Nf6 3. g3 c6 4. Bg2 Bf5 5. c4 e6 6. Nc3 Nbd7 7. Qb3 Qc8 8. O-O
Be7 9. Bf4 O-O 10. Rac1 h6 11. Nd2 Nb6 12. a4 dxc4 13. Nxc4 Nxc4 14. Qxc4 a5
15. e4 Bg6 16. d5 cxd5 17. Qxc8 Raxc8 18. exd5 exd5 19. Nxd5 Nxd5 20. Bxd5 b6
21. Be3 Bd3 22. Rfd1 Bc2 23. Bb7 Bxd1 24. Bxc8 Bxa4 25. Bxb6 Bb4 26. Bf5 g6 27.
Be4 Bb3 28. Be3 h5 29. Rc7 Be6 30. Kg2 Rc8 31. Rxc8+ 1/2-1/2

[Event "PokerStars Masters 2nd"]
[Site "Douglas"]
[Date "2015.10.10"]
[Round "8.17"]
[White "Boruchovsky, Avital"]
[Black "Nakar, Eylon"]
[Result "1/2-1/2"]
[WhiteElo "2536"]
[BlackElo "2463"]
[PlyCount "48"]
[EventDate "2015.10.03"]
[EventType "swiss"]
[EventRounds "9"]
[EventCountry "IOM"]
[SourceTitle "twic1065-1099"]
[Source "Mark Crowther"]
[SourceDate "2015.12.04"]
[SourceVersion "1"]
[SourceVersionDate "2015.12.04"]
[SourceQuality "1"]

1. d4 Nf6 2. c4 e6 3. Nf3 d5 4. Nc3 Be7 5. Bg5 h6 6. Bh4 O-O 7. e3 b6 8. cxd5
Nxd5 9. Bxe7 Qxe7 10. Nxd5 exd5 11. Rc1 Be6 12. Qa4 c5 13. Qa3 Rc8 14. Be2 Nd7
15. O-O Qf8 16. Ba6 Rc7 17. dxc5 bxc5 18. Nd4 c4 19. Qxf8+ Rxf8 20. e4 Nb6 21.
b3 Bc8 22. Bxc8 Rfxc8 23. Nb5 Rd7 24. exd5 a6 1/2-1/2

[Event "PokerStars Masters 2nd"]
[Site "Douglas"]
[Date "2015.10.10"]
[Round "8.18"]
[White "Merry, Alan B"]
[Black "Greenfeld, Alon"]
[Result "0-1"]
[WhiteElo "2335"]
[BlackElo "2534"]
[PlyCount "102"]
[EventDate "2015.10.03"]
[EventType "swiss"]
[EventRounds "9"]
[EventCountry "IOM"]
[SourceTitle "twic1065-1099"]
[Source "Mark Crowther"]
[SourceDate "2015.12.04"]
[SourceVersion "1"]
[SourceVersionDate "2015.12.04"]
[SourceQuality "1"]

1. e4 e5 2. Nf3 Nc6 3. Nc3 Nf6 4. Bb5 Bd6 5. d3 O-O 6. O-O h6 7. Ne2 Re8 8. Ng3
Bf8 9. Bxc6 bxc6 10. b3 d6 11. Bb2 g6 12. d4 exd4 13. Nxd4 Bb7 14. f3 Bg7 15.
c4 c5 16. Ndf5 gxf5 17. Nxf5 Re6 18. Nxg7 Kxg7 19. Qd2 Qe7 20. Rae1 Rg8 21. Re2
Kh7 22. Qd3 Rg6 23. e5 dxe5 24. Qc3 Qd6 25. Rxe5 Rxe5 26. Qxe5 Qxe5 27. Bxe5
Ne8 28. Bg3 Re6 29. Rd1 Bc6 30. Kf1 Nd6 31. Re1 Rxe1+ 32. Kxe1 Bd7 33. Bf2 Nb7
34. g4 f5 35. h3 h5 36. g5 f4 37. h4 Kg6 38. Ke2 a6 39. Kd2 Kf5 40. Bg1 Bc6 41.
Ke2 Nd8 42. Bxc5 Ne6 43. Bf2 Nf8 44. a4 Ng6 45. Kd3 Ne5+ 46. Kd4 Bxf3 47. b4
c5+ 48. Kxc5 Nd3+ 49. Kd6 Nxf2 50. c5 Ba8 51. c6 Ne4+ 0-1

[Event "PokerStars Masters 2nd"]
[Site "Douglas"]
[Date "2015.10.10"]
[Round "8.20"]
[White "Vishnu, Prasanna V"]
[Black "Cherniaev, Alexander"]
[Result "1-0"]
[WhiteElo "2503"]
[BlackElo "2458"]
[PlyCount "65"]
[EventDate "2015.10.03"]
[EventType "swiss"]
[EventRounds "9"]
[EventCountry "IOM"]
[SourceTitle "twic1065-1099"]
[Source "Mark Crowther"]
[SourceDate "2015.12.04"]
[SourceVersion "1"]
[SourceVersionDate "2015.12.04"]
[SourceQuality "1"]

1. e4 c6 2. d4 d5 3. e5 Bf5 4. Nf3 e6 5. Be2 Bb4+ 6. c3 Ba5 7. O-O Nd7 8. Re1
Bc7 9. Na3 Qe7 10. b4 f6 11. Nc2 Be4 12. Bd3 O-O-O 13. Bxe4 dxe4 14. exf6 Ngxf6
15. Ng5 h6 16. Nxe4 Nxe4 17. Rxe4 Nf6 18. Re1 Qd6 19. g3 g5 20. Ne3 h5 21. Nc4
Qd5 22. Qe2 Rde8 23. Ne5 Bxe5 24. dxe5 Nh7 25. Rd1 Qb5 26. Qe4 Qa4 27. Be3 g4
28. Rd6 Nf8 29. Rad1 Rh7 30. Qd4 Kc7 31. Rd2 Ree7 32. Kg2 b6 33. Qe4 1-0

[Event "PokerStars Masters 2nd"]
[Site "Douglas"]
[Date "2015.10.10"]
[Round "8.21"]
[White "Neelotpal, Das"]
[Black "Kobo, Ori"]
[Result "1-0"]
[WhiteElo "2465"]
[BlackElo "2427"]
[PlyCount "45"]
[EventDate "2015.10.03"]
[EventType "swiss"]
[EventRounds "9"]
[EventCountry "IOM"]
[SourceTitle "twic1065-1099"]
[Source "Mark Crowther"]
[SourceDate "2015.12.04"]
[SourceVersion "1"]
[SourceVersionDate "2015.12.04"]
[SourceQuality "1"]

1. e4 e6 2. d4 d5 3. Nc3 Bb4 4. e5 c5 5. a3 Bxc3+ 6. bxc3 Ne7 7. Qg4 cxd4 8.
Bd3 Qa5 9. Ne2 O-O 10. O-O dxc3 11. Nd4 Nd7 12. Qh5 Ng6 13. Re1 Nc5 14. Re3
Nxd3 15. Rxd3 f5 16. Rh3 Nxe5 17. Qxh7+ Kf7 18. Qh5+ Kg8 19. Bf4 Ng4 20. Nf3
Qb6 21. Ne5 Qxf2+ 22. Kh1 Qg1+ 23. Kxg1 1-0

[Event "PokerStars Masters 2nd"]
[Site "Douglas"]
[Date "2015.10.10"]
[Round "8.22"]
[White "Illingworth, Max"]
[Black "Jackson, James P"]
[Result "1-0"]
[WhiteElo "2517"]
[BlackElo "2368"]
[PlyCount "139"]
[EventDate "2015.10.03"]
[EventType "swiss"]
[EventRounds "9"]
[EventCountry "IOM"]
[SourceTitle "twic1065-1099"]
[Source "Mark Crowther"]
[SourceDate "2015.12.04"]
[SourceVersion "1"]
[SourceVersionDate "2015.12.04"]
[SourceQuality "1"]

1. g3 Nf6 2. Bg2 g6 3. e4 d6 4. d4 Bg7 5. Ne2 O-O 6. O-O Nbd7 7. h3 Rb8 8. a4
c5 9. Nbc3 b6 10. Be3 Bb7 11. d5 a6 12. Rb1 Qc7 13. g4 Ne8 14. Qd2 Qd8 15. f4
Nc7 16. g5 b5 17. axb5 Nb6 18. bxa6 Nc4 19. Qc1 Nxe3 20. Qxe3 Bxa6 21. e5 Na8
22. Rf2 Qc7 23. exd6 exd6 24. f5 gxf5 25. Rxf5 Bxe2 26. Nxe2 Rfe8 27. Qf3 Qe7
28. Ng3 Bxb2 29. Rf1 Qe3+ 30. Kh1 Qxf3 31. R5xf3 Nb6 32. Nf5 Nc4 33. Nh6+ Kh8
34. Rxf7 Nd2 35. R1f2 Re1+ 36. Bf1 Nxf1 37. Rxf1 Rxf1+ 38. Rxf1 Be5 39. Nf7+
Kg7 40. Nxe5 dxe5 41. d6 Kg6 42. d7 Rd8 43. Rd1 Kxg5 44. Kg2 Kf4 45. Kf2 h5 46.
h4 Ke4 47. c4 Kf4 48. Ke2 Ke4 49. Rd6 Kf4 50. Kd3 e4+ 51. Ke2 Ke5 52. Rd5+ Ke6
53. Ke3 Rxd7 54. Rxc5 Rh7 55. Kxe4 Kd6 56. Rd5+ Kc6 57. Kf4 Ra7 58. Kg5 Re7 59.
Kxh5 Re4 60. Rd1 Rxc4 61. Kg5 Rc2 62. h5 Rg2+ 63. Kh6 Kc7 64. Kh7 Rg3 65. h6
Rg2 66. Kh8 Rg3 67. h7 Rg2 68. Ra1 Kd7 69. Ra8 Ke7 70. Rg8 1-0

[Event "PokerStars Masters 2nd"]
[Site "Douglas"]
[Date "2015.10.10"]
[Round "8.23"]
[White "Lampert, Jonas"]
[Black "Shvayger, Yuliya"]
[Result "1-0"]
[WhiteElo "2461"]
[BlackElo "2368"]
[PlyCount "115"]
[EventDate "2015.10.03"]
[EventType "swiss"]
[EventRounds "9"]
[EventCountry "IOM"]
[SourceTitle "twic1065-1099"]
[Source "Mark Crowther"]
[SourceDate "2015.12.04"]
[SourceVersion "1"]
[SourceVersionDate "2015.12.04"]
[SourceQuality "1"]

1. d4 Nf6 2. c4 e6 3. g3 d5 4. Nf3 dxc4 5. Bg2 a6 6. O-O Nc6 7. e3 Rb8 8. Qe2
b5 9. b3 cxb3 10. axb3 Bd6 11. Bb2 Nb4 12. e4 Be7 13. Rd1 O-O 14. Nc3 Bb7 15.
Ne5 Nd7 16. Ng4 Nf6 17. Ne3 Qe8 18. d5 exd5 19. e5 Nd7 20. Ncxd5 Nxd5 21. Nxd5
Bd8 22. Qe3 c6 23. Nb4 Bb6 24. Qc3 Nc5 25. Rd6 Ne6 26. Bxc6 Bxc6 27. Nxc6 Rc8
28. Rxa6 Bd4 29. Qd2 Bxb2 30. Qxb2 Nc5 31. Rb6 Ne4 32. Qc2 Nxd6 33. exd6 Kh8
34. Qd2 Rxc6 35. d7 Rxb6 36. dxe8=Q Rxe8 37. Qd7 Rf8 38. Qc7 Rbb8 39. b4 h5 40.
Qe5 Kg8 41. Qxh5 Rfe8 42. Kg2 Rec8 43. h4 Re8 44. Qg5 Re6 45. Qc5 Rbb6 46. Qc8+
Kh7 47. Qc7 f5 48. Qf7 Rf6 49. Qd7 Kg8 50. Kf3 Kh7 51. Kf4 Kh8 52. Ke5 Rbc6 53.
f3 Kh7 54. Qd3 Rc4 55. g4 Rxb4 56. g5 Rg6 57. f4 Re4+ 58. Kxf5 1-0

[Event "PokerStars Masters 2nd"]
[Site "Douglas"]
[Date "2015.10.10"]
[Round "8.24"]
[White "Greet, Andrew"]
[Black "Ansell, Simon"]
[Result "1-0"]
[WhiteElo "2455"]
[BlackElo "2360"]
[PlyCount "75"]
[EventDate "2015.10.03"]
[EventType "swiss"]
[EventRounds "9"]
[EventCountry "IOM"]
[SourceTitle "twic1065-1099"]
[Source "Mark Crowther"]
[SourceDate "2015.12.04"]
[SourceVersion "1"]
[SourceVersionDate "2015.12.04"]
[SourceQuality "1"]

1. e4 e5 2. f4 d5 3. exd5 exf4 4. Nf3 Nf6 5. Bb5+ Bd7 6. Bxd7+ Nbxd7 7. c4 Qe7+
8. Qe2 Qxe2+ 9. Kxe2 O-O-O 10. d4 Re8+ 11. Kd3 b5 12. b3 Ng4 13. Rf1 Ne3 14.
Rf2 g6 15. Re2 bxc4+ 16. bxc4 Bg7 17. Nc3 c5 18. dxc6 Nc5+ 19. dxc5 Rd8+ 20.
Nd5 Bxa1 21. Bxe3 fxe3 22. Re1 Bf6 23. Ke2 Bg7 24. Rb1 Bf8 25. Rb5 a6 26. Ra5
Bxc5 27. Rxc5 Rd6 28. Nd4 Re8 29. Ra5 Re4 30. Rxa6 Rxd5 31. cxd5 Rxd4 32. Ra8+
Kc7 33. Ra7+ Kc8 34. Rd7 Rd2+ 35. Kxe3 Rxa2 36. Rxf7 Rxg2 37. d6 Rxh2 38. Rf8#
1-0

[Event "PokerStars Masters 2nd"]
[Site "Douglas"]
[Date "2015.10.10"]
[Round "8.25"]
[White "Arakhamia-Grant, Ketevan"]
[Black "Pert, Richard G"]
[Result "0-1"]
[WhiteElo "2363"]
[BlackElo "2450"]
[PlyCount "84"]
[EventDate "2015.10.03"]
[EventType "swiss"]
[EventRounds "9"]
[EventCountry "IOM"]
[SourceTitle "twic1065-1099"]
[Source "Mark Crowther"]
[SourceDate "2015.12.04"]
[SourceVersion "1"]
[SourceVersionDate "2015.12.04"]
[SourceQuality "1"]

1. e4 c5 2. Nf3 d6 3. Bb5+ Nd7 4. O-O a6 5. Bd3 Ngf6 6. c3 b5 7. Bc2 Bb7 8. Re1
c4 9. b3 e6 10. bxc4 bxc4 11. Na3 Rc8 12. Rb1 Ba8 13. Qe2 d5 14. e5 Ne4 15. Nd4
Nec5 16. Qh5 g6 17. Qh3 Bg7 18. f4 Qe7 19. Rb4 O-O 20. Nb1 f6 21. exf6 Rxf6 22.
f5 e5 23. Ba3 Qf7 24. Nf3 Rxf5 25. Bxf5 Qxf5 26. Qxf5 gxf5 27. Rf1 f4 28. Ne1
Bc6 29. Rb2 Ne4 30. Bb4 Kf7 31. g3 Bh6 32. Ng2 Rg8 33. Na3 Ke6 34. gxf4 Bxf4
35. Rd1 d4 36. d3 Nxc3 37. Bxc3 dxc3 38. Rc2 Bd2 39. Nxc4 Rxg2+ 40. Kf1 Rxh2
41. Nxd2 Ba4 42. Rxc3 Bxd1 0-1

[Event "PokerStars Masters 2nd"]
[Site "Douglas"]
[Date "2015.10.10"]
[Round "8.26"]
[White "Paehtz, Elisabeth"]
[Black "Ciuksyte, Dagne"]
[Result "1-0"]
[WhiteElo "2447"]
[BlackElo "2354"]
[PlyCount "71"]
[EventDate "2015.10.03"]
[EventType "swiss"]
[EventRounds "9"]
[EventCountry "IOM"]
[SourceTitle "twic1065-1099"]
[Source "Mark Crowther"]
[SourceDate "2015.12.04"]
[SourceVersion "1"]
[SourceVersionDate "2015.12.04"]
[SourceQuality "1"]

1. e4 c5 2. Nf3 e6 3. d4 cxd4 4. Nxd4 a6 5. Nc3 d6 6. f4 Nf6 7. Qf3 Be7 8. Bd3
Nbd7 9. Be3 Nc5 10. O-O Nxd3 11. cxd3 O-O 12. g4 g6 13. f5 gxf5 14. gxf5 Kh8
15. Kh1 Bd7 16. Rg1 e5 17. Nc2 Bc6 18. Bh6 Rg8 19. Ne3 Bf8 20. Rxg8+ Nxg8 21.
Bxf8 Qxf8 22. f6 Qh6 23. Rf1 Re8 24. Ncd5 Bxd5 25. Nxd5 Qh4 26. Qg2 Qh6 27. Qg4
Rd8 28. Rf2 Qc1+ 29. Kg2 Qh6 30. h4 Re8 31. Kh3 Rd8 32. Rf5 Qg6 33. Rg5 Qh6 34.
Qf5 Ra8 35. Qd7 Nxf6 36. Qxd6 1-0

[Event "PokerStars Masters 2nd"]
[Site "Douglas"]
[Date "2015.10.10"]
[Round "8.27"]
[White "Tate, Alan"]
[Black "Tan, Justin"]
[Result "0-1"]
[WhiteElo "2341"]
[BlackElo "2445"]
[PlyCount "58"]
[EventDate "2015.10.03"]
[EventType "swiss"]
[EventRounds "9"]
[EventCountry "IOM"]
[SourceTitle "twic1065-1099"]
[Source "Mark Crowther"]
[SourceDate "2015.12.04"]
[SourceVersion "1"]
[SourceVersionDate "2015.12.04"]
[SourceQuality "1"]

1. e4 e5 2. Nf3 Nc6 3. Bc4 Bc5 4. O-O Nf6 5. d3 a6 6. c3 Ba7 7. Re1 d6 8. Bb3
O-O 9. h3 Be6 10. Nbd2 Bxb3 11. Qxb3 Qd7 12. Nf1 b5 13. Be3 Bxe3 14. Nxe3 Ne7
15. a4 Ng6 16. Ra3 Nf4 17. Qc2 c5 18. axb5 axb5 19. Rea1 Rxa3 20. Rxa3 Qb7 21.
g3 Nxh3+ 22. Kg2 Qd7 23. Nh4 g6 24. Qc1 d5 25. Ra6 Nh5 26. exd5 N3f4+ 27. gxf4
Nxf4+ 28. Kf3 Qh3+ 29. Ke4 f5+ 0-1

[Event "PokerStars Masters 2nd"]
[Site "Douglas"]
[Date "2015.10.10"]
[Round "8.28"]
[White "Hamitevici, Vladimir"]
[Black "Klein, Felix"]
[Result "1/2-1/2"]
[WhiteElo "2439"]
[BlackElo "2306"]
[PlyCount "159"]
[EventDate "2015.10.03"]
[EventType "swiss"]
[EventRounds "9"]
[EventCountry "IOM"]
[SourceTitle "twic1065-1099"]
[Source "Mark Crowther"]
[SourceDate "2015.12.04"]
[SourceVersion "1"]
[SourceVersionDate "2015.12.04"]
[SourceQuality "1"]

1. Nf3 d5 2. c4 e6 3. b3 Nf6 4. Bb2 Be7 5. g3 O-O 6. Bg2 b6 7. O-O Bb7 8. e3
Nbd7 9. Nc3 c5 10. d3 Rc8 11. Qe2 Qc7 12. h3 Rfd8 13. e4 dxe4 14. dxe4 Qb8 15.
Rfe1 Qa8 16. Rad1 Nf8 17. Nd2 Ne8 18. f4 Rd7 19. Nf3 Rxd1 20. Rxd1 Rd8 21. Re1
a6 22. e5 Nc7 23. Ne4 Bxe4 24. Qxe4 Qxe4 25. Rxe4 Rd1+ 26. Re1 Rxe1+ 27. Nxe1
h5 28. Bc6 Bd8 29. Nd3 a5 30. Kf2 Na6 31. a3 Nb8 32. Bf3 g6 33. Ke2 Nfd7 34.
Bc1 Kf8 35. Be3 Be7 36. Nb2 Ke8 37. Na4 Kd8 38. Nc3 Nf8 39. Nb5 Kd7 40. Na7 Kc7
41. Be4 Nh7 42. Kf3 Bf8 43. Bf2 Be7 44. Ba8 Nd7 45. Nb5+ Kd8 46. Be4 Nb8 47.
Be1 Kd7 48. Na7 Kc7 49. Bc3 Nd7 50. Nb5+ Kd8 51. Ba8 Ke8 52. Na7 Kd8 53. Nc6+
Ke8 54. Bb7 Bd8 55. h4 f5 56. exf6 Bxf6 57. Be1 Bb2 58. a4 Nhf6 59. Bd2 Ng4 60.
Nxa5 bxa5 61. Be4 Kf7 62. Bxa5 Ngf6 63. Bb7 Ne8 64. Bd8 Nb8 65. a5 Nd6 66. a6
Nxa6 67. Bxa6 Nf5 68. g4 Nd4+ 69. Kg3 hxg4 70. Kxg4 Nxb3 71. h5 gxh5+ 72. Kxh5
Bc1 73. Kg4 Be3 74. Kf3 Bd4 75. Ke2 Bg7 76. Bb7 Bf8 77. Bc7 Nd4+ 78. Kd3 Nf5
79. Be4 Bd6 80. Bxf5 1/2-1/2

[Event "PokerStars Masters 2nd"]
[Site "Douglas"]
[Date "2015.10.10"]
[Round "8.29"]
[White "Kolbus, Dietmar"]
[Black "Eggleston, David"]
[Result "1/2-1/2"]
[WhiteElo "2300"]
[BlackElo "2404"]
[PlyCount "163"]
[EventDate "2015.10.03"]
[EventType "swiss"]
[EventRounds "9"]
[EventCountry "IOM"]
[SourceTitle "twic1065-1099"]
[Source "Mark Crowther"]
[SourceDate "2015.12.04"]
[SourceVersion "1"]
[SourceVersionDate "2015.12.04"]
[SourceQuality "1"]

1. c4 Nf6 2. Nc3 e6 3. Nf3 c5 4. g3 Be7 5. Bg2 O-O 6. O-O Nc6 7. b3 d5 8. cxd5
exd5 9. d4 Ne4 10. Bb2 Bf6 11. e3 Bg4 12. Ne2 b5 13. Ne5 Bxe5 14. dxe5 Ng5 15.
f3 Bh3 16. Nf4 Bxg2 17. Kxg2 d4 18. Rc1 dxe3 19. Rxc5 Ne7 20. Qe2 Nf5 21. Rd1
Qe7 22. Rxb5 a6 23. Nd5 Qa7 24. Rb4 Rfd8 25. Rf4 g6 26. Rxf5 gxf5 27. Bd4 Qb7
28. Nf6+ Kg7 29. Qxe3 Ne6 30. Rd2 h6 31. Bc3 Qa7 32. Qxa7 Rxd2+ 33. Bxd2 Rxa7
34. Kf2 Kg6 35. Ke3 Ra8 36. Nd5 Ra7 37. Bb4 Ng7 38. Nf4+ Kh7 39. Bd6 Ra8 40.
Kd3 Rc8 41. b4 f6 42. a4 fxe5 43. Bxe5 Ne8 44. Kd4 Nc7 45. Bd6 Na8 46. a5 Rc6
47. Bc5 Nc7 48. Ke5 Nb5 49. Kxf5 Rc7 50. Ne6 Rf7+ 51. Ke4 Nc3+ 52. Ke3 Kg6 53.
Nf4+ Kh7 54. Kd3 Nb5 55. Ke3 Rd7 56. h4 Kg7 57. g4 Rd1 58. h5 Kf7 59. Ne2 Rb1
60. Nd4 Nc3 61. Nf5 Nd5+ 62. Kd2 Nxb4 63. Nxh6+ Ke6 64. g5 Nd5 65. g6 Rb7 66.
Bd4 Nf6 67. f4 Nxh5 68. f5+ Kd5 69. Bc3 Rd7 70. Kc2 Rc7 71. Kb3 Rb7+ 72. Kc2
Rc7 73. Kb2 Rb7+ 74. Ka1 Kc4 75. Be5 Re7 76. Ng4 Kb3 77. Kb1 Nf6 78. Nxf6 Rxe5
79. Kc1 Rxf5 80. g7 Rg5 81. g8=Q+ Rxg8 82. Nxg8 1/2-1/2

[Event "PokerStars Masters 2nd"]
[Site "Douglas"]
[Date "2015.10.10"]
[Round "8.30"]
[White "Zwahr, Paul"]
[Black "Houska, Jovanka"]
[Result "0-1"]
[WhiteElo "2326"]
[BlackElo "2372"]
[PlyCount "72"]
[EventDate "2015.10.03"]
[EventType "swiss"]
[EventRounds "9"]
[EventCountry "IOM"]
[SourceTitle "twic1065-1099"]
[Source "Mark Crowther"]
[SourceDate "2015.12.04"]
[SourceVersion "1"]
[SourceVersionDate "2015.12.04"]
[SourceQuality "1"]

1. e4 c6 2. d4 d5 3. e5 Bf5 4. Nf3 e6 5. Be2 Bg6 6. O-O Nh6 7. Nbd2 Nf5 8. Nb3
Nd7 9. Bd2 Be7 10. g4 Nh6 11. h3 Ng8 12. Ne1 h5 13. f4 hxg4 14. hxg4 Be4 15.
Ng2 Nh6 16. Bd3 f5 17. exf6 gxf6 18. Bxe4 dxe4 19. f5 exf5 20. gxf5 Qc7 21. Bf4
Bd6 22. Qe1 O-O-O 23. Qxe4 Rde8 24. Bxd6 Qxd6 25. Qf4 Qd5 26. Rae1 Reg8 27. Qf3
Qf7 28. Re6 Ng4 29. Rxc6+ Kd8 30. Qf4 bxc6 31. Na5 Qh5 32. Nb7+ Ke8 33. Re1+
Nde5 34. Kf1 Qh1+ 35. Ke2 Qxg2+ 36. Kd1 Rh1 0-1

[Event "PokerStars Masters 2nd"]
[Site "Douglas"]
[Date "2015.10.11"]
[Round "9.3"]
[White "Sargissian, Gabriel"]
[Black "Rambaldi, Francesco"]
[Result "1-0"]
[WhiteElo "2679"]
[BlackElo "2547"]
[PlyCount "87"]
[EventDate "2015.10.03"]
[EventType "swiss"]
[EventRounds "9"]
[EventCountry "IOM"]
[SourceTitle "twic1065-1099"]
[Source "Mark Crowther"]
[SourceDate "2015.12.04"]
[SourceVersion "1"]
[SourceVersionDate "2015.12.04"]
[SourceQuality "1"]

1. Nf3 c5 2. c4 Nc6 3. d4 cxd4 4. Nxd4 Nf6 5. Nc3 e6 6. a3 Nxd4 7. Qxd4 b6 8.
Bg5 h6 9. Bh4 Bc5 10. Qd3 Be7 11. e4 d6 12. Rd1 Bb7 13. Be2 O-O 14. O-O Rc8 15.
Bg3 Ba6 16. b3 Ne8 17. Qe3 Qc7 18. e5 d5 19. cxd5 Bxe2 20. Nxe2 exd5 21. Nf4
Bg5 22. Rxd5 Qe7 23. a4 Nc7 24. Rd6 Rfe8 25. Rc1 Bxf4 26. Bxf4 Ne6 27. Bg3
Rxc1+ 28. Qxc1 Nc5 29. Qd1 Nxb3 30. Rd7 Qe6 31. h3 Ra8 32. Rd6 Qc4 33. e6 fxe6
34. Be5 Rc8 35. Kh2 Qe4 36. Rxe6 Nc5 37. Re7 Nd3 38. f3 Qd5 39. f4 Kf8 40. Rxg7
Rc1 41. Qd2 Rf1 42. Rg3 Nf2 43. Bd6+ Ke8 44. Re3+ 1-0